000 00458 a2200169 4500
000 BKB
001 070579
005 20200902150842.0
008
020 _a9780878939640
082 _a650.1
_bO4S
100 1 _aOliver, Jamie X.
_d
245 1 _aSecret of my success
_cby Jamie X. Oliver
260 _aNew Delhi
_bViva Books
_c2010
300 _a210p.
690 _aSuccess; Success--Psychological aspects
999 _c4010
_d4010